000
00329nam a2200121Ia 4500
008
220216s9999 xx 000 0 und d
100
_a
Pradeep B
245
0
_a
Kerala growers and their interest in rubber cultivation
260
_b
Economic and Political Weekly
500
_a
Source Year: 2021
700
_a
Jacob J
942
_c
JS
999
_c
61848
_d
61848